| 000 | 00581nam a2200193 u 4500 | ||
|---|---|---|---|
| 005 | 20250426063756.0 | ||
| 008 | 120628s2009 mx r 000 0 spa d | ||
| 020 | _a9786077536017 | ||
| 035 | _aUPN01000185573 | ||
| 049 | _aCG | ||
| 050 | 4 |
_aQK73 _bT4.5 |
|
| 100 | 1 | _aTejeda Ramos, Victoria | |
| 245 | 1 | 3 |
_aLa morada verde : _b¿qué es un jardín botánico? / _cVictoria Tejeda Ramos. |
| 260 |
_aMéxico : _bInstituto Literario de Veracruz, _c2009. |
||
| 300 |
_a68 p. : _bil. col. |
||
| 650 | 4 |
_aJardines botánicos _zMéxico _911383 |
|
| 905 | _aLibro | ||
| 999 |
_c157676 _d157676 |
||